<?xml version="1.0" encoding="UTF-8"?>
<record
    xmlns:xsi="http://www.w3.org/2001/XMLSchema-instance"
    xsi:schemaLocation="http://www.loc.gov/MARC21/slim http://www.loc.gov/standards/marcxml/schema/MARC21slim.xsd"
    xmlns="http://www.loc.gov/MARC21/slim">

  <leader>03866    a2200433   4500</leader>
  <controlfield tag="005">20090624115227.0</controlfield>
  <controlfield tag="008">090624t        xxu||||| |||| 00| 0 eng d</controlfield>
  <datafield tag="010" ind1=" " ind2=" ">
    <subfield code="a">ENG-89318          B-328882-892</subfield>
  </datafield>
  <datafield tag="020" ind1=" " ind2=" ">
    <subfield code="a">9788121612074</subfield>
    <subfield code="c">295.00</subfield>
  </datafield>
  <datafield tag="035" ind1=" " ind2=" ">
    <subfield code="a">EN-72851</subfield>
  </datafield>
  <datafield tag="035" ind1=" " ind2=" ">
    <subfield code="a">B-328882-892</subfield>
  </datafield>
  <datafield tag="035" ind1=" " ind2=" ">
    <subfield code="a">B-359108</subfield>
  </datafield>
  <datafield tag="037" ind1=" " ind2=" ">
    <subfield code="b">DBAD / PUB</subfield>
  </datafield>
  <datafield tag="037" ind1=" " ind2=" ">
    <subfield code="b">Hind Pocket Books</subfield>
  </datafield>
  <datafield tag="037" ind1=" " ind2=" ">
    <subfield code="b">Pansy Books </subfield>
  </datafield>
  <datafield tag="040" ind1=" " ind2=" ">
    <subfield code="a">dpl</subfield>
    <subfield code="b">English</subfield>
  </datafield>
  <datafield tag="082" ind1=" " ind2=" ">
    <subfield code="a">954.00992</subfield>
  </datafield>
  <datafield tag="100" ind1=" " ind2=" ">
    <subfield code="a">Jarmani Dass, Diwan</subfield>
  </datafield>
  <datafield tag="245" ind1=" " ind2=" ">
    <subfield code="a">Maharaja:</subfield>
    <subfield code="c">by Diwan Jarmani Dass</subfield>
    <subfield code="b">the lives, loves and intrigues of the Maharaja's of India /</subfield>
  </datafield>
  <datafield tag="260" ind1=" " ind2=" ">
    <subfield code="a">New  Delhi</subfield>
    <subfield code="b">Hind Pocket Books</subfield>
    <subfield code="c">2007(repr.). </subfield>
  </datafield>
  <datafield tag="270" ind1=" " ind2=" ">
    <subfield code="a">J-40, Jorbagh Lane</subfield>
    <subfield code="b">New  Delhi</subfield>
    <subfield code="c">Delhi</subfield>
    <subfield code="e">110003</subfield>
    <subfield code="k">30971125</subfield>
    <subfield code="m">fullcircle@vsnl.com</subfield>
  </datafield>
  <datafield tag="300" ind1=" " ind2=" ">
    <subfield code="a">435p.:</subfield>
    <subfield code="c">22cm(pbk.)</subfield>
    <subfield code="b">b&amp;w photos</subfield>
  </datafield>
  <datafield tag="942" ind1=" " ind2=" ">
    <subfield code="a">dpl</subfield>
    <subfield code="c">EN</subfield>
    <subfield code="2">ddc</subfield>
    <subfield code="h">954.00992</subfield>
    <subfield code="m">JAR</subfield>
  </datafield>
  <datafield tag="999" ind1=" " ind2=" ">
    <subfield code="c">10473</subfield>
    <subfield code="d">10473</subfield>
  </datafield>
  <datafield tag="952" ind1=" " ind2=" ">
    <subfield code="0">0</subfield>
    <subfield code="1">0</subfield>
    <subfield code="2">ddc</subfield>
    <subfield code="4">0</subfield>
    <subfield code="7">0</subfield>
    <subfield code="a">AG</subfield>
    <subfield code="b">DBAD</subfield>
    <subfield code="d">2008-10-01</subfield>
    <subfield code="g">295.00</subfield>
    <subfield code="l">0</subfield>
    <subfield code="p">EN-72851</subfield>
    <subfield code="r">2008-09-15 00:00:00</subfield>
    <subfield code="u">11533</subfield>
    <subfield code="v">295.00</subfield>
    <subfield code="w">2008-09-15</subfield>
    <subfield code="y">EN</subfield>
  </datafield>
  <datafield tag="952" ind1=" " ind2=" ">
    <subfield code="0">0</subfield>
    <subfield code="1">0</subfield>
    <subfield code="2">ddc</subfield>
    <subfield code="4">0</subfield>
    <subfield code="7">0</subfield>
    <subfield code="8">NFIC</subfield>
    <subfield code="a">L</subfield>
    <subfield code="b">L</subfield>
    <subfield code="d">2009-06-24</subfield>
    <subfield code="e">Hind Pocket Books /4589/08/12.1.09/235/12.12.08/3.6.09</subfield>
    <subfield code="g">295.00</subfield>
    <subfield code="l">2</subfield>
    <subfield code="m">2</subfield>
    <subfield code="o">954.00992 JAR</subfield>
    <subfield code="p">B-328882</subfield>
    <subfield code="r">2024-07-23 00:00:00</subfield>
    <subfield code="s">2024-06-24</subfield>
    <subfield code="t">1</subfield>
    <subfield code="v">295.00</subfield>
    <subfield code="y">EN</subfield>
  </datafield>
  <datafield tag="952" ind1=" " ind2=" ">
    <subfield code="0">0</subfield>
    <subfield code="1">5</subfield>
    <subfield code="2">ddc</subfield>
    <subfield code="4">0</subfield>
    <subfield code="7">0</subfield>
    <subfield code="8">NFIC</subfield>
    <subfield code="a">BL1</subfield>
    <subfield code="b">BL1</subfield>
    <subfield code="d">2009-06-24</subfield>
    <subfield code="e">Hind Pocket Books /4589/08/12.1.09/235/12.12.08/3.6.09</subfield>
    <subfield code="g">295.00</subfield>
    <subfield code="l">0</subfield>
    <subfield code="o">954.00992 JAR</subfield>
    <subfield code="p">B-328883</subfield>
    <subfield code="r">2009-06-24 00:00:00</subfield>
    <subfield code="t">1</subfield>
    <subfield code="v">295.00</subfield>
    <subfield code="y">EN</subfield>
  </datafield>
  <datafield tag="952" ind1=" " ind2=" ">
    <subfield code="0">0</subfield>
    <subfield code="1">0</subfield>
    <subfield code="2">ddc</subfield>
    <subfield code="4">0</subfield>
    <subfield code="7">0</subfield>
    <subfield code="8">NFIC</subfield>
    <subfield code="a">KGM</subfield>
    <subfield code="b">KGM</subfield>
    <subfield code="d">2009-06-24</subfield>
    <subfield code="e">Hind Pocket Books /4589/08/12.1.09/235/12.12.08/3.6.09</subfield>
    <subfield code="g">295.00</subfield>
    <subfield code="l">0</subfield>
    <subfield code="o">954.00992 JAR</subfield>
    <subfield code="p">B-328884</subfield>
    <subfield code="r">2026-01-28 00:00:00</subfield>
    <subfield code="t">1</subfield>
    <subfield code="v">295.00</subfield>
    <subfield code="w">2009-06-24</subfield>
    <subfield code="y">EN</subfield>
  </datafield>
  <datafield tag="952" ind1=" " ind2=" ">
    <subfield code="0">0</subfield>
    <subfield code="1">0</subfield>
    <subfield code="2">ddc</subfield>
    <subfield code="4">0</subfield>
    <subfield code="7">0</subfield>
    <subfield code="8">NFIC</subfield>
    <subfield code="a">PR</subfield>
    <subfield code="b">PR</subfield>
    <subfield code="d">2009-06-24</subfield>
    <subfield code="e">Hind Pocket Books /4589/08/12.1.09/235/12.12.08/3.6.09</subfield>
    <subfield code="g">295.00</subfield>
    <subfield code="l">0</subfield>
    <subfield code="o">954.00992 JAR</subfield>
    <subfield code="p">B-328885</subfield>
    <subfield code="r">2009-06-24 00:00:00</subfield>
    <subfield code="t">1</subfield>
    <subfield code="v">295.00</subfield>
    <subfield code="w">2009-06-24</subfield>
    <subfield code="y">EN</subfield>
  </datafield>
  <datafield tag="952" ind1=" " ind2=" ">
    <subfield code="0">0</subfield>
    <subfield code="1">0</subfield>
    <subfield code="2">ddc</subfield>
    <subfield code="4">0</subfield>
    <subfield code="7">0</subfield>
    <subfield code="8">NFIC</subfield>
    <subfield code="a">ZLS</subfield>
    <subfield code="b">ZLS</subfield>
    <subfield code="d">2009-06-24</subfield>
    <subfield code="e">Hind Pocket Books /4589/08/12.1.09/235/12.12.08/3.6.09</subfield>
    <subfield code="g">295.00</subfield>
    <subfield code="l">29</subfield>
    <subfield code="m">2</subfield>
    <subfield code="o">954.00992 JAR</subfield>
    <subfield code="p">B-328886</subfield>
    <subfield code="r">2017-12-01 00:00:00</subfield>
    <subfield code="s">2017-11-20</subfield>
    <subfield code="t">1</subfield>
    <subfield code="v">295.00</subfield>
    <subfield code="w">2009-06-24</subfield>
    <subfield code="y">EN</subfield>
  </datafield>
  <datafield tag="952" ind1=" " ind2=" ">
    <subfield code="0">0</subfield>
    <subfield code="1">0</subfield>
    <subfield code="2">ddc</subfield>
    <subfield code="4">0</subfield>
    <subfield code="7">0</subfield>
    <subfield code="8">NFIC</subfield>
    <subfield code="a">VP</subfield>
    <subfield code="b">VP</subfield>
    <subfield code="d">2009-06-24</subfield>
    <subfield code="e">Hind Pocket Books /4589/08/12.1.09/235/12.12.08/3.6.09</subfield>
    <subfield code="g">295.00</subfield>
    <subfield code="l">17</subfield>
    <subfield code="m">3</subfield>
    <subfield code="o">954.00992 JAR</subfield>
    <subfield code="p">B-328887</subfield>
    <subfield code="r">2024-02-05 00:00:00</subfield>
    <subfield code="s">2024-01-29</subfield>
    <subfield code="t">1</subfield>
    <subfield code="v">295.00</subfield>
    <subfield code="w">2009-06-24</subfield>
    <subfield code="y">EN</subfield>
  </datafield>
  <datafield tag="952" ind1=" " ind2=" ">
    <subfield code="0">4</subfield>
    <subfield code="1">0</subfield>
    <subfield code="2">ddc</subfield>
    <subfield code="4">0</subfield>
    <subfield code="7">0</subfield>
    <subfield code="8">NFIC</subfield>
    <subfield code="a">BL3</subfield>
    <subfield code="b">BL3</subfield>
    <subfield code="d">2009-06-24</subfield>
    <subfield code="e">Hind Pocket Books /4589/08/12.1.09/235/12.12.08/3.6.09</subfield>
    <subfield code="g">295.00</subfield>
    <subfield code="l">0</subfield>
    <subfield code="o">954.00992 JAR</subfield>
    <subfield code="p">B-328888</subfield>
    <subfield code="r">2009-06-24 00:00:00</subfield>
    <subfield code="t">1</subfield>
    <subfield code="v">295.00</subfield>
    <subfield code="w">2009-06-24</subfield>
    <subfield code="y">EN</subfield>
    <subfield code="z">Written off on approval by DLB (By Circulation); dtd 15-06-2023</subfield>
  </datafield>
  <datafield tag="952" ind1=" " ind2=" ">
    <subfield code="0">0</subfield>
    <subfield code="1">5</subfield>
    <subfield code="2">ddc</subfield>
    <subfield code="4">0</subfield>
    <subfield code="7">0</subfield>
    <subfield code="8">NFIC</subfield>
    <subfield code="a">NRR</subfield>
    <subfield code="b">NRR</subfield>
    <subfield code="d">2009-06-24</subfield>
    <subfield code="e">Hind Pocket Books /4589/08/12.1.09/235/12.12.08/3.6.09</subfield>
    <subfield code="g">295.00</subfield>
    <subfield code="l">0</subfield>
    <subfield code="o">954.00992 JAR</subfield>
    <subfield code="p">B-328889</subfield>
    <subfield code="r">2009-06-24 00:00:00</subfield>
    <subfield code="t">1</subfield>
    <subfield code="v">295.00</subfield>
    <subfield code="y">EN</subfield>
  </datafield>
  <datafield tag="952" ind1=" " ind2=" ">
    <subfield code="0">4</subfield>
    <subfield code="1">0</subfield>
    <subfield code="2">ddc</subfield>
    <subfield code="4">0</subfield>
    <subfield code="7">0</subfield>
    <subfield code="8">NFIC</subfield>
    <subfield code="a">NR</subfield>
    <subfield code="b">NR</subfield>
    <subfield code="d">2009-06-24</subfield>
    <subfield code="e">Hind Pocket Books /4589/08/12.1.09/235/12.12.08/3.6.09</subfield>
    <subfield code="g">295.00</subfield>
    <subfield code="l">0</subfield>
    <subfield code="o">954.00992 JAR</subfield>
    <subfield code="p">B-328890</subfield>
    <subfield code="r">2009-06-24 00:00:00</subfield>
    <subfield code="t">1</subfield>
    <subfield code="v">295.00</subfield>
    <subfield code="w">2009-06-24</subfield>
    <subfield code="y">EN</subfield>
    <subfield code="z">Written off on approval by DLB (By Circulation); dtd 20.12.2022</subfield>
  </datafield>
  <datafield tag="952" ind1=" " ind2=" ">
    <subfield code="0">0</subfield>
    <subfield code="1">0</subfield>
    <subfield code="2">ddc</subfield>
    <subfield code="4">0</subfield>
    <subfield code="7">0</subfield>
    <subfield code="8">NFIC</subfield>
    <subfield code="a">BN</subfield>
    <subfield code="b">BN</subfield>
    <subfield code="d">2009-06-24</subfield>
    <subfield code="e">Hind Pocket Books /4589/08/12.1.09/235/12.12.08/3.6.09</subfield>
    <subfield code="g">295.00</subfield>
    <subfield code="l">1</subfield>
    <subfield code="o">954.00992 JAR</subfield>
    <subfield code="p">B-328891</subfield>
    <subfield code="r">2019-02-14 00:00:00</subfield>
    <subfield code="s">2019-02-01</subfield>
    <subfield code="t">1</subfield>
    <subfield code="v">295.00</subfield>
    <subfield code="w">2009-06-24</subfield>
    <subfield code="y">EN</subfield>
  </datafield>
  <datafield tag="952" ind1=" " ind2=" ">
    <subfield code="0">0</subfield>
    <subfield code="1">0</subfield>
    <subfield code="2">ddc</subfield>
    <subfield code="4">0</subfield>
    <subfield code="7">0</subfield>
    <subfield code="8">NFIC</subfield>
    <subfield code="a">BL4</subfield>
    <subfield code="b">BL4</subfield>
    <subfield code="d">2009-06-24</subfield>
    <subfield code="e">Hind Pocket Books /4589/08/12.1.09/235/12.12.08/3.6.09</subfield>
    <subfield code="g">295.00</subfield>
    <subfield code="l">5</subfield>
    <subfield code="m">4</subfield>
    <subfield code="o">954.00992 JAR</subfield>
    <subfield code="p">B-328892</subfield>
    <subfield code="r">2023-06-13 00:00:00</subfield>
    <subfield code="s">2023-05-16</subfield>
    <subfield code="t">1</subfield>
    <subfield code="v">295.00</subfield>
    <subfield code="w">2009-06-24</subfield>
    <subfield code="y">EN</subfield>
  </datafield>
  <datafield tag="952" ind1=" " ind2=" ">
    <subfield code="0">0</subfield>
    <subfield code="1">0</subfield>
    <subfield code="2">ddc</subfield>
    <subfield code="4">0</subfield>
    <subfield code="7">0</subfield>
    <subfield code="8">NFIC</subfield>
    <subfield code="a">JP</subfield>
    <subfield code="b">JP</subfield>
    <subfield code="d">2009-09-30</subfield>
    <subfield code="e">Pansy Books/942/29.9.09/92/4.9.09/29.9.09</subfield>
    <subfield code="g">295.00</subfield>
    <subfield code="l">36</subfield>
    <subfield code="m">2</subfield>
    <subfield code="o">954.00992 JAR</subfield>
    <subfield code="p">B-359108</subfield>
    <subfield code="r">2024-09-25 00:00:00</subfield>
    <subfield code="s">2024-09-12</subfield>
    <subfield code="t">1</subfield>
    <subfield code="v">295.00</subfield>
    <subfield code="w">2009-09-30</subfield>
    <subfield code="y">EN</subfield>
  </datafield>
</record>
